| 000 | 00966nam0a2200289 4500 | ||
|---|---|---|---|
| 001 | RU\NLR\bibl\1438989 | ||
| 005 | 20260409074114.0 | ||
| 010 |
_a978-5-91464-022-1 _9500 |
||
| 021 |
_aRU _b2009-76908 _94812 |
||
| 035 | _a(NLR Aleph) 001430851 | ||
| 090 |
_a1401715 _c1401715 |
||
| 100 | _a20091116d2009 u y0rusy50 ca | ||
| 101 | 0 | _arus | |
| 102 | _aRU | ||
| 105 | _aa ||||||||| | ||
| 200 | 1 |
_aВоспоминания о душе _eматематика виртуальных сущностей _fС. Расторгуев |
|
| 210 |
_aМосква _cБелые Альвы _d2009 |
||
| 215 |
_a318, [1] с. _cил. _d21 |
||
| 606 |
_aКартина мира (филос.) _3RU\NLR\auth\661279820 _92119040 |
||
| 686 | _aЮ212 | ||
| 700 | 1 |
_aРасторгуев _bС. П. _gСергей Павлович _4070 |
|
| 801 | 0 |
_aRU _bNLR _c20091116 _gRCR |
|
| 801 | 1 |
_aRU _bNLR _c20091116 |
|
| 830 | _aавт. по кн. | ||
| 942 | _cBOOK | ||
| 980 | _aNB | ||